000
00189 a2200097 4500
020
_a
9780201190540
041
_a
eng
100
_a
Wesley, Addison
245
_a
Hte gigerbread man
942
_c
BK
999
_c
9634
_d
9634